[Event "BIH-chT"]
[Site "Bihac"]
[Date "1999.08.29"]
[Round "9"]
[White "Subasic, Ilijas"]
[Black "Leventic, Ivan"]
[Result "0-1"]
[WhiteElo "2275"]
[BlackElo "2390"]
[PlyCount "72"]
[EventDate "1999.08.21"]
[EventType "team"]
[EventRounds "9"]
[EventCountry "BIH"]
[SourceTitle "EXT 2000"]
[Source "ChessBase"]
[SourceDate "1999.11.16"]
[SourceVersion "1"]
[SourceVersionDate "1999.11.16"]
[SourceQuality "1"]

1. d4 Nf6 2. c4 c5 3. d5 b5 4. a4 bxc4 5. Nc3 e6 6. e4 Bb7 7. Bxc4 exd5 8. exd5 d6 9. Nf3 Be7 10. 0-0 0-0 11. Re1 Re8 12. a5 Ba6 13. Qd3 Bxc4 14. Qxc4 Nbd7 15. h3 Qc8 16. Ra3 Rb8 17. Rb3 Bd8 18. Rxe8+ Nxe8 19. Rxb8 Qxb8 20. Qa4 Nef6 21. a6 Qb6 22. Nd2 Ne5 23. Nc4 Nxc4 24. Qxc4 h6 25. b3 Kf8 26. Bf4 Ne8 27. Qb5 Ke7 28. Kf1 g5 29. Be3 Nf6 30. Ke2 Qxb5+ 31. Nxb5 Bb6 32. Kd3 Nxd5 33. Bd2 Kd7 34. h4 gxh4 35. Bxh6 Nb4+ 36. Ke4 Ke6 0-1

[Event "Sarajevo Vecernjakov GP"]
[Site "Sarajevo"]
[Date "1998.04.10"]
[Round "9"]
[White "Cvitan, Ognjen"]
[Black "Subasic, Ilijas"]
[Result "1/2-1/2"]
[WhiteElo "2560"]
[BlackElo "2285"]
[PlyCount "94"]
[EventDate "1998.03.31"]
[EventType "tourn"]
[EventRounds "11"]
[EventCountry "BIH"]
[EventCategory "8"]
[SourceTitle "CBM 064 Extra"]
[Source "ChessBase"]
[SourceDate "1998.07.07"]
[SourceVersion "1"]
[SourceVersionDate "1998.07.07"]
[SourceQuality "1"]

1. d4 Nf6 2. Nf3 g6 3. c4 Bg7 4. g3 0-0 5. Bg2 d6 6. 0-0 Nc6 7. Nc3 Bg4 8. d5 Na5 9. Nd2 c5 10. Rb1 e5 11. b3 a6 12. Qc2 Rb8 13. e4 Qc8 14. Qd3 Bd7 15. Bb2 Ng4 16. f3 Nh6 17. Ne2 b5 18. Bc3 Nb7 19. f4 f6 20. Rbe1 Nd8 21. Qc2 Ndf7 22. Nc1 b4 23. Bb2 a5 24. Nd3 a4 25. Nf3 Ra8 26. Bc1 axb3 27. axb3 Bh3 28. Bb2 Bxg2 29. Kxg2 Qd7 30. Ra1 Qe7 31. Qe2 Rfe8 32. fxe5 fxe5 33. h3 Rec8 34. Nf2 Qb7 35. h4 Rxa1 36. Rxa1 Ra8 37. Qd1 Kf8 38. g4 Ng8 39. g5 h5 40. Kf1 Ne7 41. Rxa8+ Qxa8 42. Qa1 Qxa1+ 43. Bxa1 Nd8 44. Ke2 Nb7 45. Kd1 Kf7 46. Nd2 Nc8 47. Kc2 Nb6 1/2-1/2

[Event "Sarajevo Vecernjakov GP"]
[Site "Sarajevo"]
[Date "1998.04.08"]
[Round "7"]
[White "Kurajica, Bojan"]
[Black "Subasic, Ilijas"]
[Result "1-0"]
[WhiteElo "2580"]
[BlackElo "2285"]
[PlyCount "63"]
[EventDate "1998.03.31"]
[EventType "tourn"]
[EventRounds "11"]
[EventCountry "BIH"]
[EventCategory "8"]
[SourceTitle "CBM 064 Extra"]
[Source "ChessBase"]
[SourceDate "1998.07.07"]
[SourceVersion "1"]
[SourceVersionDate "1998.07.07"]
[SourceQuality "1"]

1. d4 Nf6 2. Nf3 c5 3. e3 cxd4 4. exd4 d5 5. c4 g6 6. Nc3 Bg7 7. Qb3 0-0 8. cxd5 Nbd7 9. Bg5 Nb6 10. Bxf6 Bxf6 11. Be2 Qd6 12. 0-0 Rd8 13. Ne5 Bxe5 14. dxe5 Qxe5 15. Bf3 Bf5 16. Rfe1 Qf6 17. a4 Rab8 18. Re3 h5 19. Rae1 Nc8 20. h3 Re8 21. Be2 a6 22. g4 hxg4 23. hxg4 Bd7 24. Ne4 Qf4 25. Nc5 Bxg4 26. Re4 Qd6 27. Rxg4 Qxc5 28. Bd3 Kg7 29. Bxg6 fxg6 30. Qd3 Rh8 31. Qxg6+ Kf8 32. Rf4# 1-0

[Event "Sarajevo Vecernjakov GP"]
[Site "Sarajevo"]
[Date "1998.04.01"]
[Round "2"]
[White "Nurkic, Sahbaz"]
[Black "Subasic, Ilijas"]
[Result "1/2-1/2"]
[WhiteElo "2460"]
[BlackElo "2285"]
[PlyCount "99"]
[EventDate "1998.03.31"]
[EventType "tourn"]
[EventRounds "11"]
[EventCountry "BIH"]
[EventCategory "8"]
[SourceTitle "CBM 064 Extra"]
[Source "ChessBase"]
[SourceDate "1998.07.07"]
[SourceVersion "1"]
[SourceVersionDate "1998.07.07"]
[SourceQuality "1"]

1. e4 c5 2. c3 e6 3. d4 d5 4. exd5 exd5 5. Nf3 Nc6 6. Be2 Nf6 7. 0-0 Be7 8. dxc5 Bxc5 9. Bg5 Be6 10. Nbd2 h6 11. Bh4 Bb6 12. Nb3 g5 13. Bg3 Ne4 14. Nfd4 Nxg3 15. fxg3 Qd7 16. Kh1 0-0-0 17. Bb5 h5 18. Nxe6 fxe6 19. Nd4 e5 20. Nf5 Rdf8 21. g4 Kb8 22. h3 Rf7 23. Qe2 Bc7 24. Rad1 Rhf8 25. Ne3 Rxf1+ 26. Rxf1 Rxf1+ 27. Qxf1 d4 28. Qd1 Qe6 29. Bc4 Qe8 30. Nd5 h4 31. Qd2 Bd8 32. Qf2 a6 33. Bd3 e4 34. Qe2 dxc3 35. bxc3 e3 36. Nxe3 Qe5 37. Nf1 Qxc3 38. Be4 Bb6 39. Qd1 Qc5 40. Nd2 Qd4 41. Qe1 Ne5 42. Nb3 Qf2 43. Qxf2 Bxf2 44. Nc1 Nc4 45. Nd3 Bd4 46. g3 hxg3 47. Kg2 Ne5 48. Kxg3 Nxd3 49. Bxd3 Bc3 50. Kf3 1/2-1/2

[Event "Pula op 11th"]
[Site "Pula"]
[Date "1997.??.??"]
[Round "9"]
[White "Subasic, Ilijas"]
[Black "Grosar, Kiti"]
[Result "0-1"]
[WhiteElo "2315"]
[BlackElo "2225"]
[PlyCount "76"]
[EventDate "1997.05.??"]
[EventType "swiss"]
[EventRounds "9"]
[EventCountry "CRO"]
[SourceTitle "EXT 2000"]
[Source "ChessBase"]
[SourceDate "1999.11.16"]
[SourceVersion "1"]
[SourceVersionDate "1999.11.16"]
[SourceQuality "1"]

1. e4 c5 2. Nf3 d6 3. c3 Nf6 4. Be2 Nc6 5. d3 Bd7 6. 0-0 g6 7. Re1 Bg7 8. Bf1 0-0 9. h3 Rc8 10. d4 cxd4 11. cxd4 Nb4 12. Nc3 d5 13. e5 Ne4 14. Qb3 Qa5 15. a3 Nxc3 16. bxc3 Nc6 17. Bd2 Nd8 18. a4 Be6 19. Bd3 h6 20. Qb1 Qc7 21. Qc1 a6 22. Ra3 Kh7 23. a5 Nc6 24. Qa1 Na7 25. Qb2 Bd7 26. Rea1 Bb5 27. Bxb5 Nxb5 28. Rb3 Qd7 29. Qb1 Rc6 30. Qd3 Rfc8 31. Rab1 Rc4 32. Ra1 Qc6 33. Qb1 Rc7 34. Kh2 Nxc3 35. Bxc3 Rxc3 36. Rb6 Qd7 37. Qe1 Qf5 38. Rab1 Qf4+ 0-1

[Event "Pula op 11th"]
[Site "Pula"]
[Date "1997.??.??"]
[Round "5"]
[White "Subasic, Ilijas"]
[Black "Zaja, Ivan"]
[Result "1/2-1/2"]
[WhiteElo "2315"]
[BlackElo "2440"]
[PlyCount "78"]
[EventDate "1997.05.??"]
[EventType "swiss"]
[EventRounds "9"]
[EventCountry "CRO"]
[SourceTitle "EXT 2000"]
[Source "ChessBase"]
[SourceDate "1999.11.16"]
[SourceVersion "1"]
[SourceVersionDate "1999.11.16"]
[SourceQuality "1"]

1. e4 e6 2. d4 d5 3. e5 c5 4. c3 Nc6 5. Nf3 Bd7 6. Be2 cxd4 7. cxd4 Nh6 8. 0-0 Nf5 9. Na3 Qb6 10. Nc2 Be7 11. g4 Nh4 12. Nxh4 Bxh4 13. f4 Be7 14. Kh1 g6 15. Rf3 Na5 16. b3 Nc6 17. Be3 0-0-0 18. Rh3 f6 19. Ne1 g5 20. Nf3 h6 21. exf6 Bxf6 22. fxg5 hxg5 23. Rxh8 Rxh8 24. Qd2 Qc7 25. Rc1 e5 26. dxe5 Bxe5 27. Nxe5 Qxe5 28. Bf3 Rh3 29. Bd4 Qd6 30. Qg2 Rh6 31. Bf2 Qf4 32. Rf1 Rf6 33. Bg3 Qd4 34. h3 Qd3 35. Bh2 d4 36. Qg3 Rf4 37. Qg2 Rf7 38. Qg3 Rf4 39. Qg2 Rf7 1/2-1/2

[Event "YUG-ch"]
[Site "Kladovo"]
[Date "1991.??.??"]
[Round "11"]
[White "Laketic, Gojko"]
[Black "Subasic, Ilijas"]
[Result "1-0"]
[WhiteElo "2415"]
[BlackElo "2320"]
[PlyCount "103"]
[EventDate "1991.02.??"]
[EventType "swiss"]
[EventRounds "13"]
[EventCountry "YUG"]
[SourceTitle "TD"]
[Source "ChessBase"]
[SourceDate "1994.03.01"]
[SourceVersion "1"]
[SourceVersionDate "1994.03.01"]
[SourceQuality "1"]

1. c4 e6 2. Nf3 Nf6 3. g3 d5 4. Bg2 Be7 5. 0-0 0-0 6. d4 dxc4 7. Qc2 a6 8. a4 Nc6 9. Qxc4 Qd5 10. Nbd2 Rd8 11. Qxd5 Nxd5 12. Nc4 Bd7 13. Bd2 Bb4 14. Bxb4 Ndxb4 15. Rfc1 Be8 16. e3 Rac8 17. Nfe5 Nxe5 18. Nxe5 c6 19. a5 f6 20. Nc4 Kf8 21. Nb6 Rb8 22. Rc4 Nd5 23. Bxd5 exd5 24. Rc3 Bh5 25. Re1 Ke7 26. Kg2 Kd6 27. Na4 Bg4 28. f3 Bc8 29. Rec1 Ra8 30. Rb3 Ra7 31. Nb6 Be6 32. g4 Rh8 33. h4 h5 34. gxh5 Rxh5 35. Rh1 Ke7 36. Rc3 Kf7 37. b4 Kf8 38. Rcc1 Kf7 39. Rcg1 Bf5 40. Kf2 Kf8 41. Rh2 Kf7 42. Rhg2 g6 43. Rh2 Kg7 44. Re1 Kf7 45. Kg3 Be6 46. e4 Kf8 47. e5 f5 48. Rg1 Bf7 49. Kf4 Rh8 50. Rg5 Ke7 51. h5 Ke6 52. Rhg2 1-0

[Event "YUG-ch"]
[Site "Kladovo"]
[Date "1991.??.??"]
[Round "5"]
[White "Sandic, Vladeta"]
[Black "Subasic, Ilijas"]
[Result "1-0"]
[WhiteElo "2365"]
[BlackElo "2320"]
[PlyCount "141"]
[EventDate "1991.02.??"]
[EventType "swiss"]
[EventRounds "13"]
[EventCountry "YUG"]
[SourceTitle "TD"]
[Source "ChessBase"]
[SourceDate "1994.03.01"]
[SourceVersion "1"]
[SourceVersionDate "1994.03.01"]
[SourceQuality "1"]

1. d4 Nf6 2. c4 e6 3. Nc3 Bb4 4. Qc2 0-0 5. a3 Bxc3+ 6. Qxc3 b6 7. Bg5 Bb7 8. e3 d6 9. Nf3 Nbd7 10. Be2 Re8 11. Qc2 a5 12. b3 Qe7 13. 0-0 Nf8 14. Rfc1 c5 15. Qb2 h6 16. Bh4 Ng6 17. Bg3 Ne4 18. b4 Nxg3 19. hxg3 axb4 20. axb4 Qc7 21. Bd3 Nf8 22. Rcb1 Nd7 23. bxc5 bxc5 24. Bf1 Rxa1 25. Rxa1 Ra8 26. Rd1 Ra6 27. Nd2 Rb6 28. Qa1 Qb8 29. Be2 Qa8 30. Bf3 Qxa1 31. Rxa1 Kf8 32. Ra7 Bxf3 33. Rxd7 Ke8 34. Rc7 Bc6 35. dxc5 dxc5 36. Nf3 Bxf3 37. gxf3 Rb4 38. Rxc5 Kd7 39. g4 g6 40. Kg2 Kd6 41. Rc8 Kd7 42. Rf8 Ke7 43. Rc8 Kd7 44. Rh8 Rxc4 45. Rxh6 Ke7 46. Rh8 Kf6 47. Rd8 Rc7 48. Kg3 Ra7 49. f4 Rb7 50. Rg8 Rb2 51. e4 Rb3+ 52. f3 Ra3 53. e5+ Ke7 54. f5 exf5 55. gxf5 gxf5 56. Kf4 Rc3 57. Ra8 Rb3 58. Ra7+ Ke6 59. Ra6+ Ke7 60. Rf6 Ra3 61. Rxf5 Rb3 62. Rf6 Ra3 63. Kg5 Re3 64. f4 Rb3 65. Ra6 Rb7 66. f5 Rc7 67. f6+ Ke8 68. Kh6 Rc1 69. Ra8+ Kd7 70. Kg7 Ke6 71. Re8+ 1-0

[Event "YUG-ch"]
[Site "Kladovo"]
[Date "1991.??.??"]
[Round "3"]
[White "Subasic, Ilijas"]
[Black "Burovic, Ismet"]
[Result "0-1"]
[WhiteElo "2320"]
[BlackElo "2375"]
[PlyCount "68"]
[EventDate "1991.02.??"]
[EventType "swiss"]
[EventRounds "13"]
[EventCountry "YUG"]
[SourceTitle "TD"]
[Source "ChessBase"]
[SourceDate "1994.03.01"]
[SourceVersion "1"]
[SourceVersionDate "1994.03.01"]
[SourceQuality "1"]

1. d4 Nf6 2. c4 g6 3. Nf3 Bg7 4. b4 0-0 5. Bb2 a5 6. b5 c6 7. Nbd2 d5 8. e3 a4 9. bxc6 Nxc6 10. Bd3 Bf5 11. Bxf5 gxf5 12. 0-0 dxc4 13. Nxc4 Nd5 14. Qd3 Qd7 15. Rac1 b5 16. Ncd2 Ncb4 17. Qb1 Rfc8 18. a3 Na6 19. Qd3 e6 20. Kh1 b4 21. Rxc8+ Qxc8 22. e4 bxa3 23. Qxa3 fxe4 24. Nxe4 Nab4 25. Rc1 Qa6 26. Qa1 a3 27. Bxa3 Qd3 28. Nc3 Nc2 29. Qb1 Nxc3 30. Qb7 Rxa3 31. Ng5 Qg6 32. h4 h6 33. Qc8+ Bf8 34. Rxc2 Qxc2 0-1

[Event "YUG-ch"]
[Site "Kladovo"]
[Date "1991.??.??"]
[Round "13"]
[White "Subasic, Ilijas"]
[Black "Gavric, Miladin"]
[Result "1/2-1/2"]
[WhiteElo "2320"]
[BlackElo "2365"]
[PlyCount "23"]
[EventDate "1991.02.??"]
[EventType "swiss"]
[EventRounds "13"]
[EventCountry "YUG"]
[SourceTitle "TD"]
[Source "ChessBase"]
[SourceDate "1994.03.01"]
[SourceVersion "1"]
[SourceVersionDate "1994.03.01"]
[SourceQuality "1"]

1. d4 d5 2. Nf3 e6 3. c4 Nf6 4. Nc3 Be7 5. Bg5 0-0 6. e3 h6 7. Bxf6 Bxf6 8. Rc1 c6 9. Bd3 Nd7 10. 0-0 dxc4 11. Bxc4 e5 12. h3 1/2-1/2

[Event "Novi Sad op"]
[Site "Novi Sad"]
[Date "1989.??.??"]
[Round "7"]
[White "Galliamova, Alisa"]
[Black "Subasic, Ilijas"]
[Result "0-1"]
[WhiteElo "2370"]
[BlackElo "2245"]
[PlyCount "70"]
[EventDate "1989.??.??"]
[EventType "swiss"]
[EventRounds "9"]
[EventCountry "YUG"]
[SourceTitle "EXT 2000"]
[Source "ChessBase"]
[SourceDate "1999.11.16"]
[SourceVersion "1"]
[SourceVersionDate "1999.11.16"]
[SourceQuality "1"]

1. Nf3 Nf6 2. c4 e6 3. g3 d5 4. b3 Be7 5. Bg2 0-0 6. 0-0 c5 7. e3 Nc6 8. Bb2 b6 9. Nc3 Bb7 10. cxd5 exd5 11. d4 Re8 12. Rc1 Bf8 13. Re1 Rc8 14. Re2 cxd4 15. Nxd4 Ne5 16. Rec2 Rc5 17. Na4 Rxc2 18. Qxc2 Ne4 19. Qc7 Qa8 20. Rd1 Bd6 21. Qc2 Rc8 22. Qe2 Bf8 23. Nf5 Qb8 24. Qh5 Ng6 25. Qe2 Rc7 26. Nd4 Qc8 27. Qe1 Ba6 28. Rc1 Ne5 29. Rxc7 Qxc7 30. Bxe4 dxe4 31. Qc3 Qd7 32. Kg2 Nd3 33. a3 b5 34. Qa5 bxa4 35. Qxa6 Nxb2 0-1

[Event "Novi Sad op"]
[Site "Novi Sad"]
[Date "1989.??.??"]
[Round "8"]
[White "Subasic, Ilijas"]
[Black "Zlochevskij, Alexander"]
[Result "1-0"]
[WhiteElo "2245"]
[BlackElo "2395"]
[PlyCount "51"]
[EventDate "1989.??.??"]
[EventType "swiss"]
[EventRounds "9"]
[EventCountry "YUG"]
[SourceTitle "EXT 2000"]
[Source "ChessBase"]
[SourceDate "1999.11.16"]
[SourceVersion "1"]
[SourceVersionDate "1999.11.16"]
[SourceQuality "1"]

1. d4 Nf6 2. c4 c5 3. e3 g6 4. Nc3 Bg7 5. Nf3 0-0 6. d5 e6 7. Be2 exd5 8. cxd5 d6 9. 0-0 Na6 10. Nd2 Nc7 11. e4 Re8 12. a4 b6 13. f3 Rb8 14. Nc4 Ba6 15. Bg5 Qd7 16. Qd2 Bxc4 17. Bxc4 a6 18. Bd3 Rb7 19. Rfb1 b5 20. axb5 axb5 21. b4 c4 22. Bf1 Ra8 23. Be3 Rbb8 24. Ba7 Rc8 25. Bd4 Qe8 26. Ra5 1-0

[Event "Belgrade GMA op"]
[Site "Belgrade"]
[Date "1988.??.??"]
[Round "?"]
[White "Subasic, Ilijas"]
[Black "Nestorovic, Dejan"]
[Result "1-0"]
[WhiteElo "2280"]
[BlackElo "2370"]
[PlyCount "73"]
[EventDate "1988.12.??"]
[EventType "swiss"]
[EventRounds "9"]
[EventCountry "YUG"]
[SourceTitle "TD"]
[Source "ChessBase"]
[SourceDate "1994.03.01"]
[SourceVersion "1"]
[SourceVersionDate "1994.03.01"]
[SourceQuality "1"]

1. e4 e5 2. Nf3 Nc6 3. Bb5 a6 4. Ba4 Nf6 5. Nc3 b5 6. Bb3 Be7 7. d3 d6 8. Nd5 Nxd5 9. Bxd5 Bd7 10. 0-0 Rb8 11. c3 0-0 12. h3 Bf6 13. Be3 Qe8 14. Nh2 Be6 15. Bb3 Qe7 16. Qd2 Rfd8 17. Bd5 Qd7 18. Ng4 Bxd5 19. exd5 Ne7 20. c4 Kh8 21. b3 Ng8 22. f4 e4 23. Nxf6 Nxf6 24. Bd4 Re8 25. Rae1 bxc4 26. dxc4 Ng8 27. f5 f6 28. g4 c6 29. Qa5 c5 30. Be3 Qd8 31. Bd2 Qxa5 32. Bxa5 Re7 33. Rf4 Rbe8 34. b4 Rd7 35. Rfxe4 Re5 36. bxc5 dxc5 37. Rxe5 1-0

[Event "Belgrade GMA op"]
[Site "Belgrade"]
[Date "1988.??.??"]
[Round "?"]
[White "Subasic, Ilijas"]
[Black "Vucic, Mladen"]
[Result "1-0"]
[WhiteElo "2280"]
[BlackElo "2400"]
[PlyCount "43"]
[EventDate "1988.12.??"]
[EventType "swiss"]
[EventRounds "9"]
[EventCountry "YUG"]
[SourceTitle "TD"]
[Source "ChessBase"]
[SourceDate "1994.03.01"]
[SourceVersion "1"]
[SourceVersionDate "1994.03.01"]
[SourceQuality "1"]

1. e4 c5 2. Nf3 e6 3. d3 g6 4. d4 Bg7 5. dxc5 Qa5+ 6. c3 Qxc5 7. Be3 Qc7 8. Na3 Bxc3+ 9. Nd2 Bb4 10. Nb5 Qd8 11. a3 Be7 12. Bf4 Na6 13. Rc1 d5 14. Qb3 Kf8 15. Nc7 Nxc7 16. Bxc7 Qe8 17. Bd3 Nf6 18. 0-0 b6 19. Rfe1 Bd7 20. Be5 Rc8 21. exd5 exd5 22. Bxf6 1-0

[Event "Kecskemet Toth Memorial"]
[Site "Kecskemet"]
[Date "1987.??.??"]
[Round "?"]
[White "Cladouras, Panagiotis"]
[Black "Subasic, Ilijas"]
[Result "1-0"]
[WhiteElo "2345"]
[BlackElo "2335"]
[PlyCount "113"]
[EventDate "1987.06.??"]
[EventType "swiss"]
[EventRounds "9"]
[EventCountry "HUN"]
[SourceTitle "EXT 2002"]
[Source "ChessBase"]
[SourceDate "2001.11.25"]
[SourceVersion "1"]
[SourceVersionDate "2001.11.25"]
[SourceQuality "1"]

1. e4 e5 2. Nf3 Nc6 3. Bb5 g6 4. 0-0 Bg7 5. c3 a6 6. Ba4 d6 7. d4 Bd7 8. Bg5 f6 9. Be3 Nh6 10. dxe5 dxe5 11. Bc5 b6 12. Qd5 b5 13. Bc2 Ne7 14. Bxe7 Kxe7 15. Qc5+ Ke8 16. Nbd2 Bf8 17. Qe3 Ng4 18. Qe2 Bc5 19. h3 Nh6 20. b4 Bd6 21. Nb3 Kf8 22. Qe3 Kg7 23. Nc5 Bc8 24. a4 Rb8 25. axb5 axb5 26. Ne1 Nf7 27. Bb3 Qe7 28. Ned3 Re8 29. Ra7 Nd8 30. Bd5 Ne6 31. Nxe6+ Bxe6 32. Bxe6 Qxe6 33. Nc5 Qc8 34. Rfa1 Rd8 35. R1a6 Kg8 36. Rc6 Ra8 37. Nb7 Rxa7 38. Qxa7 Qa8 39. Qxa8 Rxa8 40. Nxd6 cxd6 41. Rxd6 Rc8 42. Rxf6 Rxc3 43. Rb6 Rc4 44. Rxb5 Rxe4 45. Rb7 Re2 46. b5 Rb2 47. b6 Kf8 48. Kf1 Ke8 49. h4 h5 50. Ke1 Kd8 51. g3 e4 52. Rb8+ Kd7 53. b7 Kc7 54. Rg8 Kxb7 55. Rxg6 e3 56. fxe3 Rg2 57. Kf1 1-0

[Event "Kecskemet Toth Memorial"]
[Site "Kecskemet"]
[Date "1987.??.??"]
[Round "?"]
[White "Romero Holmes, Alfonso"]
[Black "Subasic, Ilijas"]
[Result "0-1"]
[WhiteElo "2440"]
[BlackElo "2335"]
[PlyCount "72"]
[EventDate "1987.06.??"]
[EventType "swiss"]
[EventRounds "9"]
[EventCountry "HUN"]
[SourceTitle "EXT 2002"]
[Source "ChessBase"]
[SourceDate "2001.11.25"]
[SourceVersion "1"]
[SourceVersionDate "2001.11.25"]
[SourceQuality "1"]

1. e4 e5 2. Nf3 Nc6 3. Bb5 g6 4. 0-0 Bg7 5. c3 a6 6. Bxc6 dxc6 7. d4 exd4 8. Nxd4 Nf6 9. Bf4 0-0 10. Nd2 c5 11. N4b3 b6 12. f3 Nh5 13. Be3 a5 14. g4 Nf6 15. a4 Ba6 16. Rf2 Nd7 17. Nc1 Qe7 18. Ne2 Rad8 19. Nf4 Ne5 20. Qc2 Nd3 21. Nxd3 Rxd3 22. Bf4 Rfd8 23. Nf1 R8d7 24. Re1 Qf6 25. Qc1 Qc6 26. Ne3 Qxa4 27. Nd5 Bb7 28. Bxc7 Bxd5 29. exd5 Rxc7 30. Rfe2 Rc8 31. b3 Qd7 32. Re7 Qxd5 33. Qf4 Rxf3 34. Re8+ Rxe8 35. Rxe8+ Bf8 36. Qb8 Qd1+ 0-1

[Event "Zenica"]
[Site "Zenica"]
[Date "1987.??.??"]
[Round "12"]
[White "Subasic, Ilijas"]
[Black "Garcia Palermo, Carlos H"]
[Result "1/2-1/2"]
[WhiteElo "2315"]
[BlackElo "2530"]
[PlyCount "120"]
[EventDate "1987.04.??"]
[EventType "tourn"]
[EventRounds "11"]
[EventCountry "YUG"]
[EventCategory "9"]
[SourceTitle "TD"]
[Source "ChessBase"]
[SourceDate "1994.03.01"]
[SourceVersion "1"]
[SourceVersionDate "1994.03.01"]
[SourceQuality "1"]

1. e4 c5 2. Nf3 Nf6 3. Nc3 d5 4. exd5 Nxd5 5. Bc4 Nxc3 6. bxc3 e6 7. 0-0 Be7 8. Re1 0-0 9. Ne5 Nd7 10. a4 Nxe5 11. Rxe5 Bf6 12. Re3 g6 13. Qf3 Bg7 14. a5 Rb8 15. Qe2 Qc7 16. h4 Bd7 17. h5 b5 18. axb6 axb6 19. hxg6 hxg6 20. Bb5 Ra8 21. Rb1 Ra5 22. Bxd7 Qxd7 23. c4 Ra2 24. Ra3 Rxa3 25. Bxa3 Ra8 26. Qf3 Ra6 27. Bc1 Qa4 28. Qb3 Qxb3 29. cxb3 Ra2 30. Kf1 Bd4 31. Ke2 g5 32. b4 Kg7 33. bxc5 bxc5 34. Rb3 Rc2 35. Rb1 Rxc4 36. Bb2 Kf6 37. Bxd4+ Rxd4 38. f3 g4 39. Rb5 Rd5 40. fxg4 Kg5 41. Rb7 Kg6 42. Rc7 f6 43. g3 Rg5 44. Kf3 Re5 45. d3 Rd5 46. Ke3 e5 47. Rc8 Rd4 48. Rxc5 Rxg4 49. Kf3 Kf5 50. Rc8 Ra4 51. Rg8 Rd4 52. Ke3 Ra4 53. Rg7 Ra8 54. Kf3 Rd8 55. Ke3 Rd4 56. Rg8 Rd7 57. Ke2 Ra7 58. Ke3 Ra3 59. Rg7 Ke6 60. Ke2 Rb3 1/2-1/2

[Event "Zenica"]
[Site "Zenica"]
[Date "1987.??.??"]
[Round "6"]
[White "Subasic, Ilijas"]
[Black "Groszpeter, Attila"]
[Result "0-1"]
[WhiteElo "2315"]
[BlackElo "2505"]
[PlyCount "56"]
[EventDate "1987.04.??"]
[EventType "tourn"]
[EventRounds "11"]
[EventCountry "YUG"]
[EventCategory "9"]
[SourceTitle "TD"]
[Source "ChessBase"]
[SourceDate "1994.03.01"]
[SourceVersion "1"]
[SourceVersionDate "1994.03.01"]
[SourceQuality "1"]

1. e4 c6 2. d4 d5 3. exd5 cxd5 4. c4 Nf6 5. Nc3 e6 6. Nf3 Bb4 7. cxd5 Nxd5 8. Qc2 Nc6 9. Bd3 Ba5 10. a3 Nxc3 11. bxc3 Nxd4 12. Nxd4 Qxd4 13. 0-0 Qe5 14. Bd2 Bc7 15. g3 Bd7 16. Rfe1 Qh5 17. Rab1 Bc6 18. Rb4 Rd8 19. Be4 Bb6 20. Bxc6+ bxc6 21. Rh4 Qf3 22. Bg5 Rd5 23. Be3 Bxe3 24. fxe3 g5 25. Ra4 0-0 26. Rxa7 Rfd8 27. Qf2 Qh5 28. Rf1 Rf5 0-1

[Event "Zenica"]
[Site "Zenica"]
[Date "1987.??.??"]
[Round "10"]
[White "Subasic, Ilijas"]
[Black "Velimirovic, Dragoljub"]
[Result "0-1"]
[WhiteElo "2315"]
[BlackElo "2535"]
[PlyCount "86"]
[EventDate "1987.04.??"]
[EventType "tourn"]
[EventRounds "11"]
[EventCountry "YUG"]
[EventCategory "9"]
[SourceTitle "TD"]
[Source "ChessBase"]
[SourceDate "1994.03.01"]
[SourceVersion "1"]
[SourceVersionDate "1994.03.01"]
[SourceQuality "1"]

1. d4 Nf6 2. Nf3 g6 3. Bg5 Bg7 4. Nbd2 c5 5. c3 cxd4 6. cxd4 Nc6 7. e3 d6 8. Be2 h6 9. Bh4 0-0 10. a3 a5 11. 0-0 Bf5 12. Rc1 g5 13. Bg3 Nh5 14. Nxg5 Nxg3 15. fxg3 Bg6 16. Ngf3 e5 17. d5 Ne7 18. e4 Kh7 19. Kh1 f5 20. Bd3 Kh8 21. Nh4 f4 22. Qb3 Bf6 23. Ndf3 fxg3 24. hxg3 Rg8 25. Nh2 Bg5 26. Rc2 Rg7 27. Rcf2 Rc8 28. Qxb7 Bxh4 29. gxh4 Nf5 30. Qa6 Ng3+ 31. Kg1 Nxf1 32. Rxf1 Qd7 33. Bb5 Qh3 34. Rf2 Bxe4 35. Bf1 Kh7 36. Qe2 Qxh4 37. Nf3 Qg4 38. Qe3 Bg6 39. Qd2 a4 40. Qe3 Rc2 41. Bd3 Rxf2 42. Bxg6+ Rxg6 43. Qxf2 Qe4 0-1

[Event "Zenica"]
[Site "Zenica"]
[Date "1986.??.??"]
[Round "2"]
[White "Kovacevic, Vlatko"]
[Black "Subasic, Ilijas"]
[Result "1-0"]
[WhiteElo "2490"]
[BlackElo "2320"]
[PlyCount "65"]
[EventDate "1986.04.??"]
[EventType "tourn"]
[EventRounds "12"]
[EventCountry "YUG"]
[EventCategory "8"]
[SourceTitle "EXT 1997"]
[Source "ChessBase"]
[SourceDate "1996.11.15"]
[SourceVersion "1"]
[SourceVersionDate "1996.11.15"]
[SourceQuality "1"]

1. Nf3 Nf6 2. c4 g6 3. b4 Bg7 4. Bb2 d6 5. d4 Nbd7 6. e3 0-0 7. Be2 e5 8. 0-0 e4 9. Nfd2 Re8 10. Nc3 c6 11. a4 Nf8 12. b5 h5 13. a5 cxb5 14. Nxb5 a6 15. Nc3 N8h7 16. Qb1 Bf5 17. Ba3 Rb8 18. Qb6 Qxb6 19. axb6 Bf8 20. h3 h4 21. Nb3 Nd7 22. Na5 Nhf6 23. Rab1 Kg7 24. Rfc1 Rec8 25. Na4 g5 26. c5 dxc5 27. Bxc5 Bxc5 28. dxc5 Ne5 29. Nxb7 Nd3 30. Nd6 Bd7 31. Nxc8 Nxc1 32. Rxc1 Bxa4 33. c6 1-0

[Event "Zenica"]
[Site "Zenica"]
[Date "1986.??.??"]
[Round "7"]
[White "Marjanovic, Slavoljub"]
[Black "Subasic, Ilijas"]
[Result "1-0"]
[WhiteElo "2515"]
[BlackElo "2320"]
[PlyCount "59"]
[EventDate "1986.04.??"]
[EventType "tourn"]
[EventRounds "12"]
[EventCountry "YUG"]
[EventCategory "8"]
[SourceTitle "EXT 1997"]
[Source "ChessBase"]
[SourceDate "1996.11.15"]
[SourceVersion "1"]
[SourceVersionDate "1996.11.15"]
[SourceQuality "1"]

1. e4 e5 2. Nf3 Nc6 3. Bb5 g6 4. c3 a6 5. Bc4 d6 6. d4 Bg7 7. Bg5 Qd7 8. dxe5 dxe5 9. Qe2 Nf6 10. Nbd2 Nh5 11. g3 0-0 12. 0-0-0 Kh8 13. h3 Qe8 14. Be3 b6 15. Bd5 Bb7 16. Nc4 Nf6 17. g4 Nxd5 18. exd5 Ne7 19. d6 cxd6 20. Nxd6 Qc6 21. Nxb7 Qxb7 22. h4 Kg8 23. h5 Rac8 24. hxg6 hxg6 25. Bh6 Nc6 26. Qe3 Rfe8 27. Bxg7 Kxg7 28. Qh6+ Kf6 29. Qh4+ Kg7 30. Rd6 1-0

[Event "Zenica"]
[Site "Zenica"]
[Date "1986.??.??"]
[Round "10"]
[White "Subasic, Ilijas"]
[Black "Mokry, Karel"]
[Result "1/2-1/2"]
[WhiteElo "2320"]
[BlackElo "2520"]
[PlyCount "44"]
[EventDate "1986.04.??"]
[EventType "tourn"]
[EventRounds "12"]
[EventCountry "YUG"]
[EventCategory "8"]
[SourceTitle "EXT 1997"]
[Source "ChessBase"]
[SourceDate "1996.11.15"]
[SourceVersion "1"]
[SourceVersionDate "1996.11.15"]
[SourceQuality "1"]

1. e4 c5 2. Nf3 e6 3. c3 d5 4. exd5 Qxd5 5. d4 Nf6 6. Na3 Qd8 7. Be2 cxd4 8. Nb5 Nc6 9. Nbxd4 Nxd4 10. Qxd4 Qxd4 11. Nxd4 Bd7 12. 0-0 0-0-0 13. Bf4 Nd5 14. Bg3 Nc7 15. Bc4 Bc5 16. Rad1 Ba4 17. Bb3 Bxb3 18. Nxb3 Be7 19. Rfe1 Rhe8 20. Kf1 h5 21. h3 Rxd1 22. Rxd1 f6 1/2-1/2